Mythologie du Buddhisme au Tibet et en Mongolie (Record no. 154814)

MARC details
000 -LEADER
campo de control de longitud fija 00856nam a22002055i 4500
001 - NÚMERO DE CONTROL
campo de control 154814
003 - IDENTIFICADOR DE NÚMERO DE CONTROL
campo de control ES-MaACL
005 - FECHA Y HORA DE LA ÚLTIMA TRANSACCIÓN
campo de control 20230906205849.0
008 - DATOS DE LONGITUD FIJA--INFORMACIÓN GENERAL
campo de control de longitud fija 040712s1900 fr a |||| | fre d
040 ## - FUENTE DE CATALOGACIÓN
Centro catalogador/agencia de origen CAM
Lengua de catalogación spa
Centro/agencia transcriptor CAM
100 1# - ENTRADA PRINCIPAL--NOMBRE DE PERSONA
Nombre de persona Grünwedel, Albert.
9 (RLIN) 127582
245 10 - MENCIÓN DEL TÍTULO
Título Mythologie du Buddhisme au Tibet et en Mongolie
Resto del título : basée sur la collection Lamaïque du Prince Oukhtomsky /
Mención de responsabilidad, etc. par Albert Grünwedel ; avec une préface du Prince Oukhtommsky ; traduit de l'allemand par Ivan Goldschmidt.
260 ## - PUBLICACIÓN, DISTRIBUCIÓN, ETC.
Lugar de publicación, distribución, etc. Paris :
Nombre del editor, distribuidor, etc. Ernest Leroux ;
Lugar de publicación, distribución, etc. Leipzig :
Nombre del editor, distribuidor, etc. F.A. Brockhaus,
Fecha de publicación, distribución, etc. 1900.
300 ## - DESCRIPCIÓN FÍSICA
Extensión XXXVII, 247 p. :
Otras características físicas il. ;
Dimensiones 28 cm.
650 #4 - PUNTO DE ACCESO ADICIONAL DE MATERIA--TÉRMINO DE MATERIA
Término de materia o nombre geográfico como elemento de entrada Mitología budista.
9 (RLIN) 136514
650 #4 - PUNTO DE ACCESO ADICIONAL DE MATERIA--TÉRMINO DE MATERIA
Término de materia o nombre geográfico como elemento de entrada Budismo tibetano.
9 (RLIN) 158290
700 1# - ENTRADA AGREGADA--NOMBRE PERSONAL
Nombre de persona Oukhtomsky
Títulos y otros términos asociados al nombre , Prince.
9 (RLIN) 130751
700 1# - ENTRADA AGREGADA--NOMBRE PERSONAL
Nombre de persona Goldschmidt, Ivan.
9 (RLIN) 127360
852 ## - LOCALIZACIÓN
Ubicación ES-MaACL
Número de control de estantería B-12987
Nota libre -- Rust. deteriorada
Holdings
Estatus retirado Estado de pérdida Estado de daño No para préstamo Colección Biblioteca de origen Biblioteca actual Ubicación en estantería Fecha de adquisición Fuente de adquisición Total de préstamos Signatura topográfica completa Código de barras Visto por última vez Precio de reemplazo Tipo de ítem Koha
        Libros del s. XIX Biblioteca del Ateneo de Madrid Biblioteca del Ateneo de Madrid Sala Pardo Bazán 17/01/2008     B-12987 1161926 23/02/2023 23/02/2023 Libro impreso antiguo